[Event "VIE-ch U13 Girls"]
[Site "Ho Chi Minh City"]
[Date "2014.07.14"]
[Round "3"]
[White "Huynh, Kim Nhi"]
[Black "Tran, Ngoc Han"]
[Result "1-0"]
[WhiteElo "1834"]
[BlackElo "1841"]
[PlyCount "87"]
[EventDate "2014.07.13"]
[EventType "swiss"]
[EventRounds "9"]
[EventCountry "VIE"]
[SourceTitle "EXT 2016"]
[Source "ChessBase"]
[SourceDate "2015.10.08"]
[SourceVersion "1"]
[SourceVersionDate "2015.10.08"]
[SourceQuality "1"]

1. e4 e5 2. Nf3 Nc6 3. Bb5 d6 4. Nc3 Nf6 5. h3 h6 6. 0-0 Be7 7. d3 0-0 8. Be3 a6 9. Ba4 b5 10. Bb3 Bb7 11. a3 Qd7 12. Qd2 Nh7 13. Nd5 Na7 14. Rac1 Kh8 15. c4 Bxd5 16. cxd5 f5 17. Qc2 Bd8 18. Bd2 Nc8 19. Ba5 Nb6 20. Rfe1 f4 21. Qc6 Qxc6 22. Rxc6 Nf6 23. Bxb6 cxb6 24. Rxd6 Ne8 25. Re6 Bc7 26. Nh4 Rd8 27. Ng6+ Kg8 28. Nxf8 Kxf8 29. g3 fxg3 30. fxg3 Nf6 31. Rc6 Rc8 32. d6 Ke8 33. Rxc7 Rd8 34. Rc6 Kf8 35. Rxb6 Ne8 36. Rf1+ Nf6 37. Rxa6 Ke8 38. Be6 h5 39. Rc1 Kf8 40. Rc8 Rxc8 41. Bxc8 Kf7 42. Ra7+ Kg6 43. d7 Nxd7 44. Rxd7 1-0